000
00282nam a2200121Ia 4500
005
20251222152031.0
008
251222s9999||||xx |||||||||||||| ||spa||
020
_a
958-04-6750-1
082
_a
838.93/K15/1995
100
_a
"Kafka, Franz"
245
0
_a
La metamorfosis
942
_c
LIB
999
_c
25660
_d
25660